Education and training in the East Asia and Pacific region

Gespeichert in:
Bibliographische Detailangaben
Körperschaft: The World Bank
Format: Buch
Sprache:Undetermined
Veröffentlicht: Wasshington, D.C. The World Bank 1984
Tags: Tag hinzufügen
Keine Tags, Fügen Sie den ersten Tag hinzu!
Thư viện lưu trữ: Trung tâm Học liệu Trường Đại học Cần Thơ
LEADER 00476nam a2200169Ia 4500
001 CTU_97033
008 210402s9999 xx 000 0 und d
082 |a 338.910095 
082 |b W927 
110 |a The World Bank 
245 0 |a Education and training in the East Asia and Pacific region 
245 4 |c The World Bank 
260 |a Wasshington, D.C. 
260 |b The World Bank 
260 |c 1984 
904 |i Minh 
980 |a Trung tâm Học liệu Trường Đại học Cần Thơ